000 01101nam a22003017a 4500
005 20080929101452.0
008 080929t xxu||||| |||| 00| 0chin d
010 _aHIN-92171
020 _a9788176672306
_c250.00
035 _aHN-64517
037 _bDBAD / PUB
040 _aDPL
_bHN
082 _a420
100 _926640
_aसुभाष चन्दर
245 _aसरकारी कामकाज में हिन्दी /
_cसुभाष चन्दर
246 _aSarkari Kamkaaj Main Hindi
_bby Subhash Chander
260 _aदिल्ली
_bभावना प्रकाशन
_c2009
270 _a109-A ,पटपडंगंज,
_bदिल्ली
_e110091
_k22756734
300 _a216पृ.
_c22सेमी (सजिल्द)
650 _9697
650 _926793
650 _926674
650 _9698
700 _926643
710 _926662
942 _2ddc
_cHN
_h420
_mसुभाष
999 _c51258
_d51258